White River crossing : (Record no. 1949)

MARC details
000 -LEADER
fixed length control field 03318cam a2200553 i 4500
001 - CONTROL NUMBER
control field 1949
003 - CONTROL NUMBER IDENTIFIER
control field OCoLC
005 - DATE AND TIME OF LATEST TRANSACTION
control field 20260413162019.0
008 - FIXED-LENGTH DATA ELEMENTS--GENERAL INFORMATION
fixed length control field 250304t20252025nyu e b 000 f eng
010 ## - LIBRARY OF CONGRESS CONTROL NUMBER
LC control number 2025007880
040 ## - CATALOGING SOURCE
Original cataloging agency DLC
Language of cataloging eng
Description conventions rda
Transcribing agency DLC
Modifying agency OCLCO
-- IG#
-- YDX
-- HBP
-- TH8
-- GL4
-- IDW
-- OCLCO
-- MLSOD
-- JQM
-- VP@
-- YDX
-- MWD
-- MDB
-- YU6
-- VPW
019 ## -
-- 1478324840
-- 1492197161
020 ## - INTERNATIONAL STANDARD BOOK NUMBER
International Standard Book Number 9798217085705
Qualifying information (hardback) :
Terms of availability $29.00
035 ## - SYSTEM CONTROL NUMBER
System control number (OCoLC)1507843030
Canceled/invalid control number (OCoLC)1478324840
-- (OCoLC)1492197161
042 ## - AUTHENTICATION CODE
Authentication code pcc
043 ## - GEOGRAPHIC AREA CODE
Geographic area code n-cn-nt
050 00 - LIBRARY OF CONGRESS CALL NUMBER
Classification number PR6113.C4832
Item number W48 2025
082 00 - DEWEY DECIMAL CLASSIFICATION NUMBER
Classification number 823/.92
Edition information 23/eng/20250304
092 ## - LOCALLY ASSIGNED DEWEY CALL NUMBER (OCLC)
Classification number Fic
Item number McGuire
049 ## - LOCAL HOLDINGS (OCLC)
Holding library VPW1
100 1# - MAIN ENTRY--PERSONAL NAME
Personal name McGuire, Ian,
Relator term author.
Real World Object URI https://id.oclc.org/worldcat/entity/E39PBJqK6XFbXxtC6jJjCGPPcP
245 10 - TITLE STATEMENT
Title White River crossing :
Remainder of title a novel /
Statement of responsibility, etc. Ian McGuire.
250 ## - EDITION STATEMENT
Edition statement First edition.
264 #1 - PRODUCTION, PUBLICATION, DISTRIBUTION, MANUFACTURE, AND COPYRIGHT NOTICE
Place of production, publication, distribution, manufacture New York :
Name of producer, publisher, distributor, manufacturer Crown,
Date of production, publication, distribution, manufacture, or copyright notice [2025]
264 #4 - PRODUCTION, PUBLICATION, DISTRIBUTION, MANUFACTURE, AND COPYRIGHT NOTICE
Date of production, publication, distribution, manufacture, or copyright notice ©2025
300 ## - PHYSICAL DESCRIPTION
Extent x, 274 pages ;
Dimensions 25 cm
336 ## - CONTENT TYPE
Content type term text
Content type code txt
Source rdacontent
337 ## - MEDIA TYPE
Media type term unmediated
Media type code n
Source rdamedia
338 ## - CARRIER TYPE
Carrier type term volume
Carrier type code nc
Source rdacarrier
504 ## - BIBLIOGRAPHY, ETC. NOTE
Bibliography, etc. note Includes bibliographical references.
520 ## - SUMMARY, ETC.
Summary, etc. "A ragged fur peddler arrives at a remote outpost of the Hudson Bay Company in the winter of 1766 with a lump of gold, claiming that there is plenty more like it further north at a place called Ox Lake. The outpost's chief factor, Magnus Norton, dreams of instant riches and launches a secret and perilous expedition to find the treasure and bring it back. Led by a family of native guides, the party of prospectors includes Norton's brutish deputy, John Shaw, and Thomas Hearn, the insular and intellectual first mate from the factory's whaling sloop. During their long journey north, Shaw's callousness and arrogance lead him to commit an act of sexual violence whose disastrous consequences will only fully emerge once they reach their final destination. There, amidst the bleak beauty of the Barren Grounds, as Norton's carefully crafted plans begin to fall apart and the brutal arctic winter starts to descend, Hearn is forced to make a choice that will define his character and determine his future forever. Utterly captivating, White River Crossing transports us back to the furthest edges of the eighteenth-century British empire where two radically different worlds-indigenous and European-collide with calamitous and deadly results"--
Assigning source Provided by publisher.
651 #0 - SUBJECT ADDED ENTRY--GEOGRAPHIC NAME
Geographic name Northwest Territories
General subdivision History
Chronological subdivision 18th century
Form subdivision Fiction.
650 #0 - SUBJECT ADDED ENTRY--TOPICAL TERM
Topical term or geographic name entry element Fur traders
Form subdivision Fiction.
650 #0 - SUBJECT ADDED ENTRY--TOPICAL TERM
Topical term or geographic name entry element Indians of North America
Form subdivision Fiction.
650 #0 - SUBJECT ADDED ENTRY--TOPICAL TERM
Topical term or geographic name entry element Sex crimes
Form subdivision Fiction.
650 #0 - SUBJECT ADDED ENTRY--TOPICAL TERM
Topical term or geographic name entry element Treasure hunting
Form subdivision Fiction.
650 #0 - SUBJECT ADDED ENTRY--TOPICAL TERM
Topical term or geographic name entry element Suspense fiction.
650 #6 - SUBJECT ADDED ENTRY--TOPICAL TERM
Topical term or geographic name entry element Coureurs de bois
Authority record control number or standard number (CaQQLa)201-0096049
Form subdivision Romans, nouvelles, etc.
Authority record control number or standard number (CaQQLa)201-0377299
650 #6 - SUBJECT ADDED ENTRY--TOPICAL TERM
Topical term or geographic name entry element Violence sexuelle
Authority record control number or standard number (CaQQLa)201-0007931
Form subdivision Romans, nouvelles, etc.
Authority record control number or standard number (CaQQLa)201-0377299
650 #6 - SUBJECT ADDED ENTRY--TOPICAL TERM
Topical term or geographic name entry element Chasse au trésor
Authority record control number or standard number (CaQQLa)201-0368434
Form subdivision Romans, nouvelles, etc.
Authority record control number or standard number (CaQQLa)201-0377299
650 #7 - SUBJECT ADDED ENTRY--TOPICAL TERM
Topical term or geographic name entry element Gold miners
Form subdivision Fiction.
Source of heading or term sears
650 #7 - SUBJECT ADDED ENTRY--TOPICAL TERM
Topical term or geographic name entry element Native peoples
Form subdivision Fiction.
Source of heading or term sears
651 #7 - SUBJECT ADDED ENTRY--GEOGRAPHIC NAME
Geographic name Canada
Form subdivision Fiction.
Source of heading or term sears
655 #7 - INDEX TERM--GENRE/FORM
Genre/form data or focus term Historical fiction.
Source of term lcgft
655 #7 - INDEX TERM--GENRE/FORM
Genre/form data or focus term Action and adventure fiction.
Source of term lcgft
655 #7 - INDEX TERM--GENRE/FORM
Genre/form data or focus term Thrillers (Fiction)
Source of term lcgft
655 #7 - INDEX TERM--GENRE/FORM
Genre/form data or focus term Novels.
Source of term lcgft
910 ## - USER-OPTION DATA (OCLC)
User-option data n26/4 cr

No items available.